000 00358nam a2200157Ia 4500
003 0STCL
008 150530s9999 xx 000 0 und d
040 _aSTCL
_cSTCL
100 _aJames Theberge, D.
245 _aEconomics of trade and development
260 _c1968
546 _aEnglish
942 _2ddc
_cBK
999 _c11950
_d11950
005 20220125165616.0